| 000 | 00637nam a2200205Ia 4500 | ||
|---|---|---|---|
| 003 | IN-BaIIA | ||
| 008 | 211028s9999 xx 000 0 eng d | ||
| 020 | _a978-1-56414-919-0 | ||
| 040 | _cIIA Library | ||
| 080 |
_a524.8 _bGAR |
||
| 100 |
_aGardner, James _930944 |
||
| 245 | 4 |
_aThe intelligent universe _bAI, ET and the emerging mind of the cosmos _cJames Gardner |
|
| 260 |
_aNew Jersey _bNew Page Books _c2007 |
||
| 300 | _a271p. | ||
| 650 |
_aCosmos _910012 |
||
| 650 |
_aFermi's paradox _930945 |
||
| 650 |
_aLife on other planets _912155 |
||
| 650 |
_aUniverse _91987 |
||
| 942 | _cBK | ||
| 999 |
_c16616 _d16616 |
||